| 000 | 00360nam a2200133Ia 4500 | ||
|---|---|---|---|
| 005 | 20260328101523.0 | ||
| 008 | 260328s9999||||xx |||||||||||||| ||und|| | ||
| 100 | _aBoils, Guillermo | ||
| 245 | 0 |
_aLas Casa Campesinas En El Porfiriato / _cGuillermo Boils |
|
| 260 | _bMartin Casillas Editores | ||
| 300 | _a74 p. | ||
| 650 | _aARQUITECTURA REGIONAL | ||
| 942 | _cBK | ||
| 999 |
_c9673 _d9673 |
||